LEADER 01233nam a2200253 i 4500 001 000000228053 003 CaOOAMICUS 005 20140314000000.0 008 140314s1977 xx u000 u ger u 013 $a206955 020 $a3-7887-0480-2 040 $aSeMil$bita 100 1 $aFritz, Volkmar <1938-2007>.$0(OLS)http://semarc/name/17586 245 10$aTempel und Zelt :$bstudien zum Tempelbau in Israel und zu dem Zeltheiligtum der Priesterschrift /$cVolkmar Fritz. 260 $aNeukirchen-Vluyn :$bNeukirchener,$ccopyr. 1977. 300 $aX, 208 p. ;$c24 cm. 490 0 $aWissenschaftliche Monographien zum Alten und Neuen Testament ;$v47. 650 4$aBibbia - Tempio.$0(OLS)http://semarc/subject/5483 830 0$aWissenschaftliche Monographien zum Alten und Neuen Testament ;$v47.$0(OLS)http://semarc/title/114 850 $aSeMil 852 $aSeMil$W1$xVenegono$y1$m2XA T 47$j252602$B178399$CSeMilBibl$Z2$F189149 $81 996 $6020$a3-7887-0480-2$9(OLS)http://semarc/number/229938 996 $6245$aTempel und Zelt :$bstudien zum Tempelbau in Israel und zu dem Zeltheiligtum der Priesterschrift$9(OLS)http://semarc/title/326426 996 $6260$aNeukirchen-Vluyn :$bNeukirchener$9(OLS)http://semarc/publisher/29645 LEADER 01038nam a2200253 i 4500 001 000000076132 003 CaOOAMICUS 005 20070918000000.0 008 070918s1936 it u000 u ita u 013 $a47304 040 $aSeMil$bita 245 10$aCanti carnascialeschi del Rinascimento /$cA cura di Charles S. Singleton. 260 $aBari :$bLaterza & Figli,$c1936. 300 $a498 p. ;$c22 cm. 490 0 $aScrittori d'Italia 650 4$aCanti carnascialeschi - Italia - Sec. 16.$0(OLS)http://semarc/subject/15546 700 1 $aSingleton, Charles S.,$d<1909-1985>.$0(OLS)http://semarc/name/16570 830 0$aScrittori d'Italia.$0(OLS)http://semarc/title/138 850 $aSeMil 852 $aSeMil$W1$xVenegono$y1$m1E IV 116$j42284$B42284$CSeMilBibl$Z2$F42288 $81 900 1 $aSingleton, Charles Southward,$d<1909-1985>. 996 $6245$aCanti carnascialeschi del Rinascimento$9(OLS)http://semarc/title/123392 996 $6260$aBari :$bLaterza & Figli$9(OLS)http://semarc/publisher/29663